| 000 | 00496nam a2200205Ia 4500 | ||
|---|---|---|---|
| 003 | 0100 | ||
| 008 | 130303s9999 xx 000 0 und d | ||
| 040 | _cARRUPELIB | ||
| 050 | _aQA445.G84 1994 | ||
| 100 | _aGreenberg, Marvin Jay | ||
| 245 | _aEuclidean and Non-Euclidean Geometries | ||
| 245 | _bDevelopment and History | ||
| 250 | _athird edition | ||
| 260 | _aNY | ||
| 260 | _bW.H. Freeman Company | ||
| 260 | _C1994 | ||
| 300 | _a483p | ||
| 650 | _bWomen in Science | ||
| 942 | 0 | 0 | _01 |
| 999 |
_c18663 _d18663 |
||